🎶 Paroles "Le passeur de lumière" Yves Duteil - Statistiques

Statistiques générales
  • Ce quiz a été pris 11 fois
    5 depuis la dernière actualisation
  • Le résultat moyen est 240 sur 326
Statistiques - réponses
Mots % Correct
À
100%
a
100%
à
100%
âme
100%
Amoureux
100%
années
100%
Archimède
100%
au
100%
bonheur
100%
comète
100%
connais
100%
curieux
100%
d'
100%
de
100%
De
100%
des
100%
Des
100%
désert
100%
du
100%
est
100%
Et
100%
et
100%
étoiles
100%
Frison-Roche
100%
Henry de Monfreid
100%
il
100%
Il
100%
j'
100%
Je
100%
je
100%
jour
100%
Jusqu'
100%
l'
100%
L'
100%
la
100%
lui
100%
lumière
100%
lumières
100%
lunette
100%
M'
100%
m'
100%
Moitessier
100%
par
100%
Par
100%
parti
100%
passeur
100%
Pour
100%
pour
100%
qu'
100%
Qu'
100%
Qui
100%
qui
100%
s'
100%
sa
100%
Sa
100%
seuil
100%
suivre
100%
Terre
100%
Un
100%
un
100%
une
100%
aventure
75%
bien
75%
Ça
75%
existe
75%
faisait
75%
fait
75%
hommes
75%
me
75%
œil
75%
que
75%
rêve
75%
savoir
75%
tant
75%
tels
75%
travers
75%
aide
50%
aimer
50%
alerte
50%
Anonyme
50%
apprend
50%
azur
50%
beauté
50%
bleu
50%
cœur
50%
confié
50%
croire
50%
découverte
50%
demain
50%
émerveillé
50%
Emporté
50%
en
50%
geste
50%
grain
50%
hier
50%
immensité
50%
le
50%
Le
50%
ma
50%
marche
50%
mes
50%
modeste
50%
moins
50%
passion
50%
peu
50%
Quand
50%
regard
50%
serai
50%
seras
50%
soir
50%
son
50%
Son
50%
soupçon
50%
toujours
50%
trop
50%
tu
50%
verrai
50%
vie
50%
vieux
50%
y
50%
yeux
50%
ce
25%
cieux
25%
connaître
25%
Devant
25%
éclaire
25%
les
25%
maître
25%
n'
25%
ne
25%
nous
25%
ouvert
25%
quoi
25%
reste
25%
rêver
25%
sage
25%
sert
25%
Si
25%
transmettre
25%
alors
0%
Arrive
0%
avec
0%
bénis
0%
chemin
0%
Défricheur
0%
élève
0%
endort
0%
Jamais
0%
Lorsque
0%
marin
0%
mémoire
0%
Mon
0%
montré
0%
nuit
0%
Partagé
0%
Posé
0%
prêt
0%
résistent
0%
saluer
0%
Sans
0%
souffrent
0%
sur
0%
trésor
0%
univers
0%
Aucun quiz correspondant
Distribution des résultats
% des personnes avec chaque résultat
Percentile par nombre de réponses
Votre historique - résultats
Vous n’avez pas pris ce quiz depuis la dernière actualisation